00679nam a2200241 a 4500001001300000003000900013005001700022008004100039020001000080082001600090100001700106245003400123260004400157300000900201500003500210505001000245650001800255700001700273902000800290942000700298952011700305999001500422nice12345678IN_TiNIC20260116012905.0050524s1969 luca grp 000 0 urd  ac10000a297.09bABU aAbul, Mohsin aIslami Tarikh Ka Nazai Lamha. aLucknowbSayeed-Ul-Millat Academyc1969 a80p. aincludes index and biblioraphy2 aIndex aIslam-History1 aAbul, Mohsin bSRS cBK 001040708StackRoom-aHMIbHMId2007-07-23g100.00l0o297.09 ABUp011406r2007-07-23v100.00w2005-05-24yBK c8772d8772